Tour de France 2002 riders - Statistics

General Stats
  • This quiz has been taken 85 times
    57 since last reset
  • The average score is 106 of 189
Answer Stats
Team # Answer % Correct
Telekom 11 Erik Zabel
100%
US Postal 1 Lance Armstrong
100%
Lotto-Adecco 147 Robbie McEwen
100%
ONCE-Eroski 21 Joseba Beloki
92%
US Postal 3 Roberto Heras
92%
Credit Agricole 67 Stuart O'Grady
92%
Credit Agricole 64 Thor Hushovd
92%
Rabobank 104 Erik Dekker
88%
US Postal 6 Floyd Landis
88%
US Postal 4 George Hincapie
88%
Euskaltel-Euskadi 168 Samuel Sanchez
88%
CSC-Tiscali 52 Tyler Hamilton
88%
Fassa Bortolo 81 Ivan Basso
83%
Mapei-Quick Step 121 Oscar Freire
83%
Domo-Farm Frites 71 Richard Virenque
83%
Kelme-Costa Blanca 32 Santiago Botero
83%
La Francaise des Jeux 94 Baden Cooke
79%
CSC-Tiscali 57 Carlos Sastre
79%
Credit Agricole 61 Christophe Moreau
79%
Cofidis 47 David Millar
79%
iBanesto.com 131 Denis Menchov
79%
Domo-Farm Frites 77 Fred Rodriguez
79%
iBanesto.com 139 Javier Pascual Rodriguez
79%
CSC-Tiscali 51 Laurent Jalabert
79%
Rabobank 101 Levi Leipheimer
79%
Mapei-Quick Step 125 Robert Hunter
79%
La Francaise des Jeux 97 Bradley McGee
75%
Bonjour 116 Damien Nazon
75%
Telekom 15 Giuseppe Guerini
75%
Euskaltel-Euskadi 169 Haimar Zubeldia
75%
Euskaltel-Euskadi 167 Iban Mayo
75%
AG2R Prevoyance 186 Jaan Kirsipuu
75%
ONCE-Eroski 25 Jorg Jaksche
75%
Mapei-Quick Step 122 Laszlo Bodrogi
75%
Rabobank 102 Michael Boogerd
75%
CSC-Tiscali 58 Nicki Sorensen
75%
Lampre-Daikin 158 Raimondas Rumsas
75%
US Postal 2 Viatcheslav Ekimov
75%
ONCE-Eroski 23 Alvaro Gonzalez de Galdeano
71%
Rabobank 109 Beat Zberg
71%
Euskaltel-Euskadi 161 David Etxebarria
71%
ONCE-Eroski 24 Igor Gonzalez de Galdeano
71%
CSC-Tiscali 54 Jakob Piil
71%
Credit Agricole 69 Jens Voigt
71%
ONCE-Eroski 22 Jose Azevedo
71%
iBanesto.com 135 Jose Vicente Garcia Acosta
71%
Alessio 191 Laurent Dufaux
71%
La Francaise des Jeux 92 Sandy Casar
71%
Bonjour 114 Sylvain Chavanel
71%
Euskaltel-Euskadi 163 Unai Etxebarria
71%
US Postal 8 Victor Hugo Pena
71%
Domo-Farm Frites 76 Axel Merckx
67%
Cofidis 48 David Moncoutie
67%
Bonjour 111 Didier Rous
67%
Bonjour 119 Francois Simon
67%
Euskaltel-Euskadi 165 Gorka Gonzalez
67%
La Francaise des Jeux 93 Jimmy Casper
67%
US Postal 9 Jose Luis Rubiera
67%
Domo-Farm Frites 78 Leon van Bon
67%
Rabobank 108 Marc Wauters
67%
Lotto-Adecco 142 Mario Aerts
67%
Kelme-Costa Blanca 31 Oscar Sevilla
67%
Jean Delatour 201 Patrice Halgand
67%
US Postal 7 Pavel Padrnos
67%
Telekom 12 Rolf Aldag
67%
Alessio 197 Ruslan Ivanov
67%
Fassa Bortolo 86 Sergei Ivanov
67%
Telekom 13 Udo Bolts
67%
CSC-Tiscali 53 Andrea Peron
63%
Cofidis 41 Andrei Kivilev
63%
Cofidis 49 Cedric Vasseur
63%
Rabobank 107 Grischa Niermann
63%
Bonjour 117 Jerome Pineau
63%
Jean Delatour 204 Laurent Brochard
63%
Kelme-Costa Blanca 36 Santiago Perez
63%
Fassa Bortolo 84 Volodymyr Gustov
63%
AG2R Prevoyance 181 Alexandre Botcharov
58%
Rabobank 103 Bram de Groot
58%
Lotto-Adecco 144 Christophe Brandt
58%
Jean Delatour 205 Cyril Dessel
58%
Fassa Bortolo 82 Fabio Baldato
58%
iBanesto.com 137 Francisco Mancebo
58%
Credit Agricole 62 Frederic Bessy
58%
La Francaise des Jeux 96 Frederic Guesdon
58%
Cofidis 43 Inigo Cuesta
58%
Kelme-Costa Blanca 35 Jose Enrique Gutierrez
58%
Fassa Bortolo 89 Marco Velo
58%
iBanesto.com 134 Marzio Bruseghin
58%
Cofidis 45 Massimiliano Lelli
58%
Euskaltel-Euskadi 166 Roberto Laiseka
58%
Credit Agricole 63 Sebastien Hinault
58%
Fassa Bortolo 85 Serhiy Honchar
58%
Domo-Farm Frites 74 Servais Knaven
58%
US Postal 5 Benoit Joachim
54%
Telekom 17 Bobby Julich
54%
Tacconi Sport 171 Dario Frigo
54%
iBanesto.com 132 Dariusz Baranowski
54%
Bonjour 118 Franck Renier
54%
ONCE-Eroski 26 Isidro Nozal
54%
Rabobank 106 Karsten Kroon
54%
AG2R Prevoyance 189 Ludovic Turpin
54%
ONCE-Eroski 29 Marcos Serrano
54%
Mapei-Quick Step 126 Miguel Martinez
54%
La Francaise des Jeux 91 Nicolas Vogondy
54%
Lotto-Adecco 141 Rik Verbrugghe
54%
Bonjour 112 Walter Beneteau
54%
Mapei-Quick Step 128 Andrea Tafi
50%
Credit Agricole 66 Anthony Morin
50%
Cofidis 44 Bingen Fernandez
50%
La Francaise des Jeux 98 Christophe Mengin
50%
Cofidis 42 Daniel Atienza
50%
AG2R Prevoyance 184 Inigo Chaurreau
50%
Credit Agricole 68 Jonathan Vaughters
50%
Jean Delatour 208 Laurent Lefevre
50%
CSC-Tiscali 56 Michael Sandstod
50%
Lampre-Daikin 153 Rubens Bertogliati
50%
Lotto-Adecco 143 Serge Baguet
50%
Mapei-Quick Step 127 Tom Steels
50%
Lotto-Adecco 149 Aart Vierhouten
46%
ONCE-Eroski 27 Abraham Olano
46%
Tacconi Sport 176 Andrej Hauptman
46%
CSC-Tiscali 55 Arvis Piziks
46%
AG2R Prevoyance 182 Christophe Agnolutto
46%
Jean Delatour 206 Christophe Edaleine
46%
AG2R Prevoyance 188 Christophe Oriol
46%
Bonjour 113 Franck Bouyer
46%
Euskaltel-Euskadi 164 Igor Flores
46%
La Francaise des Jeux 99 Jean-Cyril Robin
46%
Lampre-Daikin 156 Luciano Pagliarini
46%
ONCE-Eroski 28 Mikel Pradera
46%
Cofidis 46 Nico Mattan
46%
Tacconi Sport 177 Peter Luttenberger
46%
Jean Delatour 202 Stephane Auge
46%
Jean Delatour 207 Stephane Goubert
46%
Fassa Bortolo 83 Wladimir Belli
46%
AG2R Prevoyance 185 Andy Flickinger
42%
Credit Agricole 65 Anthony Langella
42%
Kelme-Costa Blanca 37 Antonio Tauler
42%
iBanesto.com 136 David Latasa
42%
Jean Delatour 209 Eddy Seigneur
42%
Telekom 14 Gian Matteo Fagnini
42%
Lotto-Adecco 145 Hans De Clercq
42%
Lampre-Daikin 159 Jan Svorada
42%
Kelme-Costa Blanca 38 Jose Angel Vidal
42%
Telekom 18 Kevin Livingston
42%
Lampre-Daikin 157 Marco Pinotti
42%
Fassa Bortolo 87 Nicola Loda
42%
CSC-Tiscali 59 Paul Van Hyfte
42%
Alessio 193 Stefano Casagranda
42%
iBanesto.com 138 Unai Osa
42%
Alessio 199 Alexandre Shefer
38%
Kelme-Costa Blanca 39 Constantino Zaballa
38%
Tacconi Sport 178 Eddy Mazzoleni
38%
Domo-Farm Frites 73 Enrico Cassani
38%
Tacconi Sport 173 Gianluca Bortolami
38%
Alessio 195 Ivan Gotti
38%
La Francaise des Jeux 95 Jacky Durand
38%
Jean Delatour 203 Jerome Bernard
38%
Kelme-Costa Blanca 34 Jose Javier Gomez
38%
Lampre-Daikin 151 Marco Serpellini
38%
Mapei-Quick Step 124 Pedro Horrillo
38%
Domo-Farm Frites 79 Piotr Wadecki
38%
Telekom 19 Steffen Wesemann
38%
Rabobank 105 Addy Engels
33%
Telekom 16 Danilo Hondo
33%
Domo-Farm Frites 72 Dave Bruylandts
33%
Bonjour 115 Emmanuel Magnien
33%
Lotto-Adecco 148 Gennady Mikhaylov
33%
Mapei-Quick Step 129 Gerhard Trampusch
33%
Lampre-Daikin 155 Ludo Dierckxsens
33%
Tacconi Sport 174 Paolo Bossoni
33%
Lampre-Daikin 152 Raivis Belohvosciks
33%
iBanesto.com 133 Santiago Blanco
33%
AG2R Prevoyance 183 Stephane Berges
33%
AG2R Prevoyance 187 Thierry Loder
33%
Lotto-Adecco 146 Thierry Marichal
33%
Domo-Farm Frites 75 Tomas Konecny
33%
Lampre-Daikin 154 Alessandro Cortinovis
29%
Kelme-Costa Blanca 33 Francisco Cabello
29%
Euskaltel-Euskadi 162 Gorka Arrizabalaga
29%
Fassa Bortolo 88 Oscar Pozzi
29%
Alessio 192 Andrea Brognara
25%
Mapei-Quick Step 123 Fabian De Waele
25%
Alessio 196 Martin Hvastija
25%
Alessio 198 Cristian Moreni
21%
Tacconi Sport 172 Massimo Apollonio
21%
Tacconi Sport 175 Massimo Donati
21%
Tacconi Sport 179 Mauro Radaelli
21%
Alessio 194 Davide Casarotto
13%
No matching quizzes found
Score Distribution
Percent of People with Each Score
Percentile by Number Answered
Your Score History
You have not taken this quiz since the last reset